000
00292nam a2200109Ia 4500
008
220120s9999||||xx |||||||||||||| ||und||
100
_a
Arjunahalli, Prasanna
_9
11832
245
0
_a
Kaveri Jala Vivada
260
_a
Bananchu
_b
New Delhi
_c
2018
300
_a
306p.;28cm
_b
240
650
_a
MATHEMATICS
999
_c
137369
_d
137369